000
00205 a2200097 4500
001
27647
100
_a
Herrick, C
245
_a
Electronic trouble shooting
260
_a
_b
Reston
_c
090
_c
18414
_d
18414
942
_a
NUST-CAE
_c
M
_c
9352
999
_c
262720
_d
262720